Banjo-Tooie Locations - Statistics

General Stats
  • This quiz has been taken 10 times
  • The average score is 19 of 124
Answer Stats
Answer % Correct
Witchyworld
67%
Grunty Industries
50%
Mayahem Temple
50%
Spiral Mountain
50%
Cauldron Keep
33%
Cloud Cuckooland
33%
Glitter Gulch Mine
33%
Gruntilda's Lair
33%
Hailfire Peaks
33%
Isle o' Hags
33%
Jiggywiggy's Temple
33%
Jinjo Village
33%
Jolly Roger's Lagoon
33%
Terrydactyland
33%
The Inferno
33%
Atlantis
17%
Basement
17%
Behind the Waterfall
17%
Boggy's Igloo
17%
Bottles House
17%
Cable Room
17%
Canary Cave
17%
Cave of Horrors
17%
Central Cavern
17%
Cliff Top
17%
Code Chamber
17%
Colosseum Kickball Stadium
17%
Columns Vault
17%
Crazy Castle Lobby
17%
Crazy Castle Stockade
17%
Electromagnet Chamber
17%
Floor 1
17%
Floor 2
17%
Floor 3
17%
Floor 4
17%
Floor 5
17%
Fuel Depot
17%
Gloomy Caverns
17%
Gun Chamber
17%
Heggy's Egg Shed
17%
Honey B's Hive
17%
Ice Train Station
17%
Icicle Grotto
17%
Icy Side
17%
Inside Chompa's Belly
17%
Inside the Big Fish
17%
Inside the Cheese Wedge
17%
Inside the Mountain
17%
Inside the Pot O' Gold
17%
Inside the Trash Can
17%
Inside the UFO
17%
Inside the Volcano
17%
Jade Snake Grove
17%
Jolly's
17%
King Jingaling's Throne Room
17%
Lava Side
17%
Lava Train Station
17%
Mayan Kickball Stadium
17%
Oogle Boogles' Cave
17%
Ordnance Storage
17%
Ordnance Storage Entrance
17%
Pine Grove
17%
Plateau
17%
Power Hut
17%
Power Hut Basement
17%
Prospector's Hut
17%
Quagmire
17%
Quality Control
17%
Repair Depot
17%
River Passage
17%
Sea Bottom
17%
Sea Bottom Cavern
17%
Smugglers' Cavern
17%
Star Spinner
17%
Styracosaurus Family Cave
17%
Targitzan's Really Sacred Chamber
17%
Targitzan's Slightly Sacred Chamber
17%
Targitzan's Temple Lobby
17%
Terry's Nest
17%
Tower of Tragedy Quiz
17%
Toxic Gas Cave
17%
Train Station
17%
Trash Compactor
17%
Treasure Chamber
17%
Unga Bungas' Cave
17%
Wasteland
17%
Waterfall Cavern
17%
Water Storage
17%
Water Supply Pipe
17%
Wooded Hollow
17%
Workers' Quarters
17%
Zombified Throne Room
17%
Zubba's Nest
17%
Air Conditioning Plant
0%
Ancient Swimming Baths
0%
Big Top Interior
0%
Blubber's Waveracer Hire
0%
Boiler Plant
0%
Bonfire Cavern
0%
Chuffy's Cab
0%
Clinkers Cavern
0%
Crazy Castle Pump Room
0%
Crushing Shed
0%
Davy Jones' Locker
0%
Dodgem Dome Lobby
0%
Electric Eels' Lair
0%
Elevator Shaft
0%
Flooded Caves
0%
Generator Cavern
0%
Inside Chuffy's Boiler
0%
Inside Targitzan's Temple
0%
Packing Room
0%
Pawno's Emporium
0%
Prison Compund
0%
Seaweed Sanctum
0%
Sewer Entrance
0%
Stomping Plains
0%
Temple of the Fishes
0%
The Gatehouse
0%
The Haunted Cavern
0%
Waste Disposal Plant
0%
No matching quizzes found
Score Distribution
Percent of People with Each Score
Percentile by Number Answered
Your Score History
You have not taken this quiz